LEADER 01013nam0-2200373---450- 001 990008402310403321 005 20061017135417.0 010 $a0-387-30294-8 035 $a000840231 035 $aFED01000840231 035 $a(Aleph)000840231FED01 035 $a000840231 100 $a20061017d2006----km-y0itay50------ba 101 0 $aeng 102 $aUS 105 $aa---a---001yy 200 1 $a<>concise introduction to mathematical logic$fW. Rautenberg 205 $a2nd edit 210 $aNew York$cSpringer$dc2006 215 $axvii, 256 p.$d24 cm 225 1 $aUniversitext 610 0 $aLogica matematica$aFondamenti 610 0 $aProgrammazione logica 676 $a511.3$v21$zita 700 1$aRautenberg,$bWolfgang$057281 801 0$aIT$bUNINA$gRICA$2UNIMARC 901 $aBK 912 $a990008402310403321 952 $aC-6-(167-2ED$fMA1 959 $aMA1 962 $a03-XX 962 $a68N17 996 $aConcise introduction to mathematical logic$9725105 997 $aUNINA LEADER 01184nam--2200373---450- 001 990002826350203316 005 20080319133916.0 010 $a88-217-2339-9 035 $a000282635 035 $aUSA01000282635 035 $a(ALEPH)000282635USA01 035 $a000282635 100 $a20061013d2006----km-y0itay50------ba 101 $aita 102 $aIT 105 $a||||||||001yy 200 1 $aNuovo apprendistato e contratto di inserimento$econtiene inoltre:formule, giurisprudenza, legislazione, prassi, schede riepilogative$fErnesto Palomba 205 $a2. ed. 210 $a[Milanofiori, Assago]$cIPSOA$d2006 215 $a331 p.$d24 cm 225 2 $aRiforma del lavoro$v6 410 0$12001$aRiforma del lavoro$v6 606 0 $aApprendistato$xLegislazione 676 $a344.450125922 700 1$aPALOMBA,$bErnesto$0595027 801 0$aIT$bsalbc$gISBD 912 $a990002826350203316 951 $aIG III 1226$b51418 G.$cIG III$d00214991 959 $aBK 969 $aGIU 979 $aFIORELLA$b90$c20061013$lUSA01$h1113 979 $aCHIARA$b90$c20080319$lUSA01$h1339 996 $aNuovo apprendistato e contratto di inserimento$9993939 997 $aUNISA LEADER 01089cam--2200337---450 001 990000675850203316 005 20210215114007.0 035 $a0067585 035 $aUSA010067585 035 $a(ALEPH)000067585USA01 035 $a0067585 100 $a20011015d1979----km-y0itay5003----ba 101 0 $aita 102 $aIT 105 $ay|||||||001yy 200 1 $aGabriele Quattromani e un suo inedito diario politico del 1848 napoletano$f[a cura di] Alfredo Zazo 210 $aNapoli$cEdizioni Dehoniane$d1979 215 $a111 p.$d24 cm 225 2 $aDocumenti studi e sussidi$v3 410 0$12001$aDocumenti studi e sussidi$v3 607 $aItalia meridionale$z1848$xDiari$xOpere anteriori al 1900$2BNCF 676 $a945.70833092 700 1$aQUATTROMANI,$bGabriele$0316080 702 1$aZAZO,$bAlfredo 801 0$aIT$bsalbc$gISBD 912 $a990000675850203316 951 $aX.3.A. 444(C 9 3 86)$b7018 CSSM$cX.3.$d393974 959 $aBK 969 $aUMA 996 $aGabriele Quattromani e un suo inedito diario politico del 1848 napoletano$91478113 997 $aUNISA